[Event "Online Olym Div2 D"]
[Site "Chess.com INT"]
[Date "2020.08.15"]
[Round "4.5"]
[White "Abdrlauf, Elham"]
[Black "Garcia Y, Brayan Alexis"]
[Result "1-0"]
[WhiteElo "2353"]
[BlackElo "1860"]
[PlyCount "75"]
[EventDate "2020.08.14"]
[EventType "team-tourn (rapid)"]
[EventRounds "9"]
[EventCountry "USA"]
[SourceTitle "CBM 198"]
[Source "ChessBase"]
[SourceDate "2020.10.31"]
[SourceVersion "1"]
[SourceVersionDate "2020.10.31"]
[SourceQuality "1"]
[WhiteTeam "Norway"]
[BlackTeam "Guatemala"]
[WhiteTeamCountry "NOR"]
[BlackTeamCountry "GUA"]

1. e4 c5 2. Nf3 d6 3. d4 cxd4 4. Nxd4 Nf6 5. f3 e5 6. Nb3 Be6 7. c4 Be7 8. Nc3 0-0 9. Be3 Nbd7 10. Qd2 Rc8 11. Nd5 Bxd5 12. cxd5 a6 13. Be2 Nb6 14. Qb4 Nfd7 15. 0-0 f5 16. Na5 Rb8 17. Qd2 Nf6 18. Qb4 Nfd7 19. exf5 Rxf5 20. Bd3 Rf8 21. Be4 Rf7 22. Rac1 Nc5 23. Qd2 Nba4 24. Bb1 Nxb2 25. Bxc5 dxc5 26. Rce1 Bd6 27. Re4 Bc7 28. Nb3 c4 29. Qxb2 Bb6+ 30. Kh1 cxb3 31. Qxe5 b2 32. Qxb2 Bc7 33. Rfe1 Qd6 34. g3 Qh6 35. Rh4 Qd6 36. Bxh7+ Kf8 37. Bg6 Qxg6 38. Rh8# 1-0

[Event "Online Olym Div2 D"]
[Site "Chess.com INT"]
[Date "2020.08.15"]
[Round "6.5"]
[White "Livaic, Leon"]
[Black "Garcia Y, Brayan Alexis"]
[Result "1-0"]
[WhiteElo "2507"]
[BlackElo "1860"]
[PlyCount "75"]
[EventDate "2020.08.14"]
[EventType "team-tourn (rapid)"]
[EventRounds "9"]
[EventCountry "USA"]
[SourceTitle "CBM 198"]
[Source "ChessBase"]
[SourceDate "2020.10.31"]
[SourceVersion "1"]
[SourceVersionDate "2020.10.31"]
[SourceQuality "1"]
[WhiteTeam "Croatia"]
[BlackTeam "Guatemala"]
[WhiteTeamCountry "CRO"]
[BlackTeamCountry "GUA"]

1. d4 d5 2. c4 c6 3. cxd5 cxd5 4. Nc3 Nc6 5. e4 e6 6. e5 Bb4 7. Nf3 f6 8. Bd3 fxe5 9. Nxe5 Nf6 10. 0-0 0-0 11. Bg5 Qe8 12. Re1 Qh5 13. Qxh5 Nxh5 14. a3 Bd6 15. Nxc6 bxc6 16. g3 h6 17. Bd2 Rb8 18. b4 Nf6 19. Re2 Nh7 20. f4 Be7 21. Na4 g5 22. Nc5 gxf4 23. Bxf4 Bxc5 24. dxc5 Ra8 25. Bxh6 Rf6 26. Bf4 a5 27. b5 cxb5 28. Bxb5 Nf8 29. a4 Ng6 30. Bd6 Rf3 31. Rf1 Rc3 32. c6 Ba6 33. Rxe6 Bxb5 34. axb5 Nf8 35. Rxf8+ Rxf8 36. Bxf8 Kxf8 37. b6 a4 38. b7 1-0

[Event "Online Olym Div3 E"]
[Site "Chess.com INT"]
[Date "2020.08.09"]
[Round "7.1"]
[White "Miller Matute, Marlon Eduardo"]
[Black "Garcia Y, Brayan Alexis"]
[Result "0-1"]
[WhiteElo "2092"]
[BlackElo "1847"]
[PlyCount "92"]
[EventDate "2020.08.07"]
[EventType "team-tourn (rapid)"]
[EventRounds "9"]
[EventCountry "USA"]
[SourceTitle "CBM 198"]
[Source "ChessBase"]
[SourceDate "2020.10.31"]
[SourceVersion "1"]
[SourceVersionDate "2020.10.31"]
[SourceQuality "1"]
[WhiteTeam "Honduras"]
[BlackTeam "Guatemala"]
[WhiteTeamCountry "HON"]
[BlackTeamCountry "GUA"]

1. d4 d5 2. Nf3 Nf6 3. c4 e6 4. g3 Bb4+ 5. Bd2 Qe7 6. Bg2 0-0 7. 0-0 c5 8. Bxb4 cxb4 9. Nbd2 Nc6 10. Rc1 Bd7 11. Re1 Rfd8 12. e4 dxe4 13. Nxe4 Nxe4 14. Rxe4 Qd6 15. Qe2 Rac8 16. Rh4 Qe7 17. Qe4 f5 18. Qe3 Be8 19. Ng5 Nxd4 20. Rxd4 Rxd4 21. Qxd4 Qxg5 22. Re1 Rd8 23. Qxa7 Qd2 24. Rxe6 Qd1+ 25. Bf1 Bf7 26. Qe3 Bxe6 27. Qxe6+ Kh8 28. Qxf5 Qd2 29. Kg2 Qxb2 30. Bd3 g6 31. Qf4 Qd4 32. Be4 Kg7 33. Qf3 Rf8 34. Qe2 Re8 35. f3 g5 36. Qc2 g4 37. Bxh7 gxf3+ 38. Kxf3 Qe3+ 39. Kg4 Qe2+ 40. Qxe2 Rxe2 41. Bd3 Rxa2 42. h4 b3 43. h5 b2 44. Kg5 Ra3 45. h6+ Kh8 46. Bf5 Ra5 0-1

[Event "Online Olym Div3 E"]
[Site "Chess.com INT"]
[Date "2020.08.08"]
[Round "5.1"]
[White "Pacheco Marte, Sergio Andres"]
[Black "Garcia Y, Brayan Alexis"]
[Result "1-0"]
[WhiteElo "1865"]
[BlackElo "1847"]
[PlyCount "41"]
[EventDate "2020.08.07"]
[EventType "team-tourn (rapid)"]
[EventRounds "9"]
[EventCountry "USA"]
[SourceTitle "CBM 198"]
[Source "ChessBase"]
[SourceDate "2020.10.31"]
[SourceVersion "1"]
[SourceVersionDate "2020.10.31"]
[SourceQuality "1"]
[WhiteTeam "Dominican Republic"]
[BlackTeam "Guatemala"]
[WhiteTeamCountry "DOM"]
[BlackTeamCountry "GUA"]

1. e4 c5 2. Nc3 g6 3. Bc4 Bg7 4. Nge2 a6 5. a4 e6 6. d3 Ne7 7. 0-0 0-0 8. Bg5 Nbc6 9. Qd2 Re8 10. f4 Qc7 11. e5 Nf5 12. Ne4 Kh8 13. g4 d5 14. Nf6 Rf8 15. gxf5 dxc4 16. dxc4 exf5 17. Qe3 Nd8 18. Qh3 Bxf6 19. Bxf6+ Kg8 20. Qh6 Ne6 21. Rf3 1-0